COMMUNICATE TO WIN (Record no. 8990)
[ view plain ]
| 000 -LEADER | |
|---|---|
| fixed length control field | 01205nam a22001697a 4500 |
| 003 - CONTROL NUMBER IDENTIFIER | |
| control field | SGT |
| 020 ## - INTERNATIONAL STANDARD BOOK NUMBER | |
| International Standard Book Number | 9788175545335 |
| 082 ## - DEWEY DECIMAL CLASSIFICATION NUMBER | |
| Classification number | 658.45,DEN |
| 100 ## - MAIN ENTRY--PERSONAL NAME | |
| Personal name | DENNY,RICHARD |
| 245 ## - TITLE STATEMENT | |
| Title | COMMUNICATE TO WIN |
| 250 ## - EDITION STATEMENT | |
| Edition statement | 2ND |
| 260 ## - PUBLICATION, DISTRIBUTION, ETC. (IMPRINT) | |
| Place of publication, distribution, etc | NEW DELHI |
| Name of publisher, distributor, etc | KOGAN PAGE INDIA PRIVATE LIMITED |
| Year of Publication | 2011 |
| 300 ## - PAGE DESCRIPTION | |
| No. of Pages | 147 |
| 650 ## - SUBJECT ADDED ENTRY--TOPICAL TERM | |
| Topical term or geographic name as entry element | EXECUTIVE MANAGEMENT |
| 653 ## - KEYWORDS--INDEX TERM | |
| Keyword term | CHAPTER - 00: INTRODUCTION; SECTION - ONE: COMMUNICATION SKILLS; CHAPTER - 01: THE IMPORTANCE OF COMMUNICATION; CHAPTER - 02: INTERPERSONAL COMMUNICATION; CHAPTER - 03: HELPING PEOPLE TO LIKE YOU; CHAPTER - 04: DEALING WITH PEOPLE; CHAPTER - 05: GIVING AND TAKING INSTRUCTION EFFECTIVELY; CHAPTER - 06: BODY LANGUAGE; CHAPTER - 07: WRITTEN COMMUNICATION: THE MOST DANGEROUS FORM OF COMMUNICATION; CHAPTER - 08: TELEPHONE COMMUNICATION; CHAPTER - 09: MEETINGS; SECTION - TWO: PRESENTING TO WIN; CHAPTER - 10: PRESENTATION SKILLS; CHAPTER - 11: NERVOUS TENSION; CHAPTER - 12: PREPARATION; CHAPTER - 13: CONTENT; CHAPTER - 14: YOUR AUDIENCE; CHAPTER - 15: VISUAL AIDS; CHAPTER - 16: YOUR APPEARANCE & ATTITUDE; CHAPTER - 17: DELIVERY; CHAPTER - 18: DEVELOP GOOD HABITS; CHAPTER - 19: DITCH THE BAD HABITS; CHAPTER - 20: QUESTIONS |
| 942 ## - ADDED ENTRY ELEMENTS (KOHA) | |
| Source of classification or shelving scheme | Dewey Decimal Classification |
| Koha item type | FCM Books |
| 942 ## - ADDED ENTRY ELEMENTS (KOHA) | |
| -- | 1 |
| Withdrawn status | Lost status | Source of classification or shelving scheme | Damaged status | Not for loan | Collection code | Home library | Current library | Shelving location | Date acquired | Vendor Name | Cost, normal purchase price | SGTU | Bill Number | Total Checkouts | Full call number | Accession No. (Barcode) | Date last seen | Date last borrowed | Bill Date | Koha item type |
|---|---|---|---|---|---|---|---|---|---|---|---|---|---|---|---|---|---|---|---|---|
| Dewey Decimal Classification | COMMERCE MANAGEMENT | SGT Science & Social Sciences Library | SGT Science & Social Sciences Library | On Display | 14/06/2016 | IBH | 225.00 | SGTU | 9475 | 6 | 658.45,DEN | CM50 | 11/07/2024 | 11/07/2024 | 30/08/2015 | FCM Books |